ASOIAF: Frey or Pie? Quiz Stats

Quiz Updated Feb 15, 2013

Challenge
Share
Tweet
Embed
Score 0/20 Timer 05:00
0 Plays Today
Name F or P? % Correct
Hot???
77.2%
Walton???
75.6%
Della???
74.4%
Whalen???
69.4%
Pirog???
67.6%
Homity???
66.7%
Lythene???
63.1%
Colmar???
63%
Zelnik???
62.1%
Perra???
61.8%
Name F or P? % Correct
Arwood???
60.4%
Bridie???
59.8%
Clark???
58.3%
Fatayer???
58.3%
Burek???
57.9%
Emberlei???
54.2%
Bradamar???
54.1%
Zia???
53.9%
Hogen???
47.2%
Woolton???
41.4%

You're not logged in!

Compare scores with friends on all Sporcle quizzes.
Sign Up with Email
OR
Log In

You Might Also Like...

Show Comments

Extras

Top Quizzes Today


Score Distribution

Your Account Isn't Verified!

In order to create a playlist on Sporcle, you need to verify the email address you used during registration. Go to your Sporcle Settings to finish the process.

Report this User

Report this user for behavior that violates our Community Guidelines.

Details: